Ładuje się......
MAMUKKOYAYUTE MALAYALIKAL
| 1. autor: | |
|---|---|
| Format: | Printed Book |
| Wydane: |
DC Books
|
| LEADER | 00282 a2200085 4500 | ||
|---|---|---|---|
| 100 | |a MAMUKKOYA |9 87657 | ||
| 245 | |a MAMUKKOYAYUTE MALAYALIKAL | ||
| 260 | |b DC Books | ||
| 999 | |c 160977 |d 160973 | ||
| 952 | |0 0 |1 0 |4 0 |7 0 |9 159450 |a MGUL |b MGUL |c PROC |d 2019-01-23 |e Current Books |g 70.00 |l 0 |p 61434 |r 2019-01-23 |w 2019-01-23 |y BK | ||